| 000 | 00755nam a22002417a 4500 | ||
|---|---|---|---|
| 005 | 20170124110007.0 | ||
| 010 | _aA-459236 | ||
| 020 | _c150.00 | ||
| 035 | _aA-459236 | ||
| 037 | _bCen Lib/Ret | ||
| 040 |
_aDPL _bEN |
||
| 082 |
_a350.6 _bBHA |
||
| 100 |
_aBhatnagar, A.S. _917126 |
||
| 245 |
_aCommentary on the central civil services classification control and appeal rules, 1965 / _cby A.S. Bhatnagar |
||
| 250 | _a5th ed | ||
| 260 |
_aAllahabad _bOriental Law House _c1990 |
||
| 270 |
_a9, Lowther Road, Darbhanga Colony _bAllahabad _e211002 |
||
| 300 |
_alxvii,500p. _c21cm(Hb) |
||
| 500 | _aIncludes index. | ||
| 650 |
_aSocial Science _980846 |
||
| 650 |
_aPublic Administration _94733 |
||
| 942 |
_2ddc _cEN _h350.6 _mBHA |
||
| 999 |
_c126279 _d126279 |
||